• 首页
  • 本馆介绍
  • 公告通知
  • 最新文献
  • 馆藏检索
  • 电子资源
  • 读者导购
  • 参考咨询
  • 我的图书馆
  • 登录
  • 详细信息显示
  • 放入我的书架
  • 预约/预借图书
  • 作者相关作品
  • 分类相关作品
  • 丛书相关作品
  • 出版社相关作品

书目信息

  • 表格格式
  • 工作单格式
  • 卡片格式
题名:
内蒙古西部沙区荒漠灌丛植被及沙区生态建设
    
 
作者: 徐恒刚 主编
分册:  
出版信息: 北京   中国农业科学技术出版社  2005
页数: 11,292页
开本: 21cm
丛书名:
单 册:
中图分类: S717.226 , X321.226
科图分类:
主题词: 沙漠--灌木林--研究--内蒙古自治区 , 沙漠--生态环境--环境保护--研究--内蒙古自治区 , 沙漠 , 灌木林 , 生态环境 , 环境保护
电子资源:
ISBN: 7-80167-747-1
000 01204nam0 2200313 450
001 003059901
005 20070807162200.92
010    @a7-80167-747-1@dCNY22.00
035    @a003059901
100    @a20060104d2005 em y0chiy0110 ea
101 0  @achi
102    @aCN@b110000
105    @aab z 000yy
106    @ar
200 1  @a内蒙古西部沙区荒漠灌丛植被及沙区生态建设@Anei meng gu xi bu sha qu huang mo guan cong zhi bei ji sha qu sheng tai jian she@f徐恒刚主编@Fxu heng gang zhu bian
210    @a北京@c中国农业科学技术出版社@d2005
215    @a11,292页@c地图,彩照@d21cm
330    @a全书共分五章。前半部分阐述了内蒙古西部沙区的分布地貌÷气候÷水文及植被特点。后半部分对沙区生态治理的严重性、紧迫性及过去治沙成果和存在的问题,以及今后沙化治理的经验方法,特别是对35种生态治理人工种植的沙生植物种的生物学、生态学特性及种植技术进行了详细的阐述。
606 0  @a沙漠@x灌木林@x研究@y内蒙古自治区
606 0  @a沙漠@x生态环境@x环境保护@x研究@y内蒙古自治区
606 0  @a沙漠
606 0  @a灌木林
606 0  @a生态环境
606 0  @a环境保护
690    @aS717.226@v4
690    @aX321.226@v4
701  0 @a徐恒刚@Axu heng gang@4主编
801  0 @aCN@bNLC@c20070807
905    @dS717.226@e35@f3
    
    内蒙古西部沙区荒漠灌丛植被及沙区生态建设/徐恒刚主编.-北京:中国农业科学技术出版社,2005
    11,292页:地图,彩照;21cm
    
    
    ISBN 7-80167-747-1:CNY22.00
    全书共分五章。前半部分阐述了内蒙古西部沙区的分布地貌÷气候÷水文及植被特点。后半部分对沙区生态治理的严重性、紧迫性及过去治沙成果和存在的问题,以及今后沙化治理的经验方法,特别是对35种生态治理人工种植的沙生植物种的生物学、生态学特性及种植技术进行了详细的阐述。
●
相关链接 在E读中查询图书 在五车中查询图书 在当当中查询图书 在豆瓣中查询图书


正题名:内蒙古西部沙区荒漠灌丛植被及沙区生态建设     索取号:S717.226/35         预约/预借

序号 登录号 条形码 馆藏地/架位号 状态 备注
1 0853850   208538509   第二样本阅览室/ [索取号:S717.226/35] 在馆    
2 0853851   208538518   第三借阅区/ [索取号:S717.226/35] 在馆    
3 0853852   208538527   第三借阅区/ [索取号:S717.226/35] 在馆    
唐山师范学院图书馆 欢迎您!
大连网信软件有限公司© 版权所有